LEADER 01159nam 2200205zu 450 001 996695466003316 005 20260108111039.0 035 $a(CKB)37903796800041 035 $a(UnM)99838072 035 $a(EXLCZ)9937903796800041 100 $a20250319|1581uuuu || | 101 0 $aeng 135 $aur||||||||||| 200 10$aDiamond Of Deuotion : Cut And Squared Into Sixe Seuerall Points: Namelie, 1 The Footpath To Felicitie. 1 2 A Guide To Godlines. 81 3 The Schoole Of Skill. 181 4 A Swarme Of Bees. 209 5 A Plant Of Pleasure. 245 6 A Groue Of Graces. 283 Full Of Manie Fruitfull Lessons, Auaileable To The Leading Of A Godlie And Reformed Life: By Abraham Fleming 210 $cProQuest, UMI$d1581 700 $aFleming$0333646 906 $aBOOK 912 $a996695466003316 996 $aDiamond Of Deuotion : Cut And Squared Into Sixe Seuerall Points: Namelie, 1 The Footpath To Felicitie. 1 2 A Guide To Godlines. 81 3 The Schoole Of Skill. 181 4 A Swarme Of Bees. 209 5 A Plant Of Pleasure. 245 6 A Groue Of Graces. 283 Full Of Manie Fruitfull Lessons, Auaileable To The Leading Of A Godlie And Reformed Life: By Abraham Fleming$94504370 997 $aUNISA